Extent of the high water table and water-table fluctuations, St. Charles Mesa, Colorado, April 1997 to October 1998.

Bibliographic Details
Main Author: Brendle, D. L.
Corporate Author: Geological Survey (U.S.)
Format: Government Document Book
Language:English
Published: [Pueblo, Colo.?] : [U.S. Dept. of the Interior, U.S. Geological Survey], [1999]
Series:Fact sheet (Geological Survey (U.S.)) ; FS-99-102.
Subjects:

MARC

Tag First Indicator Second Indicator Subfields
LEADER 00000cam a22000007a 4500
001 in00000004096
005 20151007051330.0
008 990624s1999 couab b f000 0 eng d
035 |a (OCoLC)41601972 
035 |9 AJH8565AM 
040 |d GPO  |d DLC  |d MvI  |d UtOrBLW 
043 |a n-us-co 
049 |a UDOC 
074 |a 0621-L 
086 0 |a I 19.127:102-99 
100 1 |a Brendle, D. L. 
245 1 0 |a Extent of the high water table and water-table fluctuations, St. Charles Mesa, Colorado, April 1997 to October 1998. 
246 2 |a Extent of the high water table and water table fluctuations, St. Charles Mesa, Colorado, April 1997 to October 1998 
264 1 |a [Pueblo, Colo.?] :  |b [U.S. Dept. of the Interior, U.S. Geological Survey],  |c [1999] 
300 |a 4 unnumbered pages :  |b illustrations, maps (some color) ;  |c 28 cm. 
336 |a text  |b txt  |2 rdacontent 
337 |a unmediated  |b n  |2 rdamedia 
338 |a volume  |b nc  |2 rdacarrier 
490 1 |a USGS Fact sheet ;  |v 102-99 
500 |a Caption title. 
500 |a Shipping list number: 99-0270-P. 
500 |a "May 1999"--P. [1]. 
504 |a Includes bibliographical references (page [4]). 
650 0 |a Water table  |z Colorado  |z Pueblo Region. 
650 0 |a Groundwater  |z Colorado  |z Pueblo Region. 
710 2 |a Geological Survey (U.S.) 
830 0 |a Fact sheet (Geological Survey (U.S.)) ;  |v FS-99-102. 
999 |a MARS 
999 f f |s 94fac943-82c7-37ae-b9fd-649e66467216  |i e949aef2-c0ee-35d9-91ca-9a203bfd966a  |t 0 
952 f f |p normal  |a Texas A&M University  |b College Station  |c Sterling C. Evans Library  |d Evans: US Documents (Annex 5th floor)  |t 0  |e I 19.127:102-99  |h Superintendent of Documents classification  |i unmediated -- volume  |m A14824270292 
998 f f |a I 19.127:102-99  |t 0  |l Evans: US Documents (Annex 5th floor)